Statistics for Minnesota Trivia

Click here to take the quiz!

General Stats

  • This quiz has been taken 427 times
  • The average score is 11 of 15

Answer Stats

HintAnswer% Correct
CapitalSt. Paul
98%
NFL teamVikings
98%
Baseball TeamTwins
97%
Giant mallMall of America
95%
Retail store, Walmart competitor started hereTarget
94%
Closest Great LakeSuperior
92%
State BirdLoon
88%
Giant LumberjackPaul Bunyan
81%
Wrestling GovernerVentura
74%
City next to FargoMoorhead
55%
Wizard of Oz star born hereJudy Garland
53%
Start of the Mississippi RiverItasca
52%
Singer/Songwriter who wrote Blowin in the Wind born hereDuluth
49%
Coldest city in mainland USAInternational Falls
48%
Author of Peanuts born hereMinneapolis
38%

Score Distribution

Percentile by Number Answered

Percent of People with Each Score

Your Score History

You have not taken this quiz